Út - korszerűsítés

Elmentve itt :
Bibliográfiai részletek
Szerző: Somogyi Károlyné
Dokumentumtípus: Cikk
Megjelent: 1974-12-19
Sorozat:Délmagyarország 64 No. 296
Kulcsszavak:utak
Online Access:http://dmarchiv.bibl.u-szeged.hu/109711
LEADER 00441nab a2200157 i 4500
001 delm109711
005 20190408142459.0
008 190408s1974 hu o 0|| hun d
040 |a SZTE Délmagyarország Archívum  |b hun 
041 |a hun 
100 1 |a Somogyi Károlyné 
245 1 0 |a Út - korszerűsítés  |h [elektronikus dokumentum] /  |c  Somogyi Károlyné 
260 |c 1974-12-19 
300 |a 3 
490 0 |a Délmagyarország  |v 64 No. 296 
695 |a utak